Seinfeld Character Slideshow Quiz Stats

Quiz Updated Dec 19, 2014

Also try: Seinfeldisms
Challenge
Share
Tweet
Score 0/22 Timer 06:00
5 Plays Today
% Correct
Jerry Seinfeld
99.6%
George Costanza
98.1%
Cosmo Kramer
98%
Elaine Benes
97.7%
Newman
95.4%
Yev Kassem (Soup Nazi)
87.4%
George Steinbrenner
80.7%
Uncle Leo
77.4%
Susan Ross
76.2%
David Puddy
75.6%
Jacopo Peterman
74.9%
% Correct
Frank Costanza
71.8%
Estelle Costanza
67.4%
Morty Seinfeld
66.2%
Jackie Chiles
57.2%
Kenny Bania
53.6%
Justin Pitt
51.6%
Crazy Joe Davola
51%
Mickey Abbott
47%
Dr. Tim Whatley
43.1%
Helen Seinfeld
37.5%
Matt Wilhelm
29.2%

You're not logged in!

Compare scores with friends on all Sporcle quizzes.
Sign Up with Email
OR
Log In

You Might Also Like...

Show Comments

Extras

Top Quizzes Today


Score Distribution

Your Account Isn't Verified!

In order to create a playlist on Sporcle, you need to verify the email address you used during registration. Go to your Sporcle Settings to finish the process.